[Event "47th Biel Master Open"]
[Site "Biel SUI"]
[Date "2014.07.15"]
[Round "2.4"]
[White "Shankland, Samuel L"]
[Black "Rambaldi, Francesco"]
[Result "1-0"]
[WhiteTitle "GM"]
[BlackTitle "FM"]
[WhiteElo "2632"]
[BlackElo "2444"]
[WhiteFideId "2004887"]
[BlackFideId "20657307"]
[EventDate "2014.07.14"]

1. Nf3 Nf6 2. c4 c5 3. Nc3 Nc6 4. g3 g6 5. Bg2 Bg7 6. d4 O-O 7. O-O d6 8. dxc5
dxc5 9. Be3 b6 10. Qc1 Bb7 11. Rd1 Qc8 12. Bh6 Qe6 13. Nd5 Rad8 14. Bxg7 Kxg7
15. Qc3 Kg8 16. Ng5 Qxe2 17. Rd2 Nxd5 18. cxd5 Qe5 19. dxc6 Qxc3 20. bxc3 Rxd2
21. cxb7 Rb8 22. a4 h6 23. Nf3 Rd6 24. Ne5 f6 25. Nc4 Rd3 26. Ne3 Rd7 27. a5
bxa5 28. Nc4 Rdxb7 29. Bxb7 Rxb7 30. Rxa5 Rb3 31. Ra3 Rxa3 32. Nxa3 e5 33. Kf1
Kf7 34. Ke2 Ke6 35. Kd3 Kd5 36. f3 f5 37. c4+ Ke6 38. Nb5 a5 39. Nc3 Kd6 40. Kc2
Ke6 41. Kb3 g5 42. Ka4 h5 43. Kxa5 g4 44. fxg4 hxg4 45. Nd5 f4 46. gxf4 exf4 47.
Nxf4+ Ke5 48. Nh5 1-0

[Event "47th Biel Master Open"]
[Site "Biel SUI"]
[Date "2014.07.15"]
[Round "2.5"]
[White "Raetsky, Alexander"]
[Black "Rakhmanov, Aleksandr"]
[Result "0-1"]
[WhiteTitle "GM"]
[BlackTitle "GM"]
[WhiteElo "2431"]
[BlackElo "2626"]
[WhiteFideId "4103203"]
[BlackFideId "4173708"]
[EventDate "2014.07.14"]

1. e4 e6 2. d4 d5 3. Nc3 dxe4 4. Nxe4 Bd7 5. Nf3 Bc6 6. Bd3 Nd7 7. O-O Ngf6 8.
Ng3 Be7 9. Re1 Bxf3 10. Qxf3 c6 11. c3 O-O 12. a4 a5 13. Bg5 Nd5 14. Bxe7 Qxe7
15. Rad1 Qf6 16. Qxf6 N7xf6 17. Ne4 Nxe4 18. Bxe4 Nb6 19. Bc2 Rfd8 20. Bb3 g6
21. f4 Nd5 22. g3 Rab8 23. Rd2 Ne7 24. Ree2 b5 25. axb5 cxb5 26. Kf2 a4 27. Bc2
Nd5 28. Be4 Nb6 29. Bd3 b4 30. c4 Rxd4 31. c5 Nd5 32. Be4 Rxd2 33. Rxd2 b3 34.
c6 Rb4 35. Bxd5 exd5 36. Rxd5 Rc4 37. Ra5 Rxc6 38. h4 Rc4 39. Ke3 h5 40. Kd3 Rc2
41. Ke3 Rxb2 42. Rxa4 Rb1 43. Rb4 b2 44. Kd2 Rg1 45. Rxb2 Rxg3 0-1

[Event "47th Biel Master Open"]
[Site "Biel SUI"]
[Date "2014.07.15"]
[Round "2.6"]
[White "Ganguly, Surya Shekhar"]
[Black "Vokarev, Sergey"]
[Result "1/2-1/2"]
[WhiteTitle "GM"]
[BlackTitle "GM"]
[WhiteElo "2619"]
[BlackElo "2432"]
[WhiteFideId "5002150"]
[BlackFideId "4119711"]
[EventDate "2014.07.14"]

1. e4 c5 2. Nf3 Nc6 3. d4 cxd4 4. Nxd4 Nf6 5. Nc3 g6 6. Nxc6 dxc6 7. Qxd8+ Kxd8
8. Bc4 Ke8 9. e5 Nd7 10. f4 Nb6 11. Bb3 Bf5 12. Bd2 e6 13. O-O-O Bc5 14. h3 h5
15. Rde1 h4 16. Ne4 Bxe4 17. Rxe4 Nd5 18. Rd1 Rd8 19. Bc4 Ne7 20. Be3 Bxe3+ 21.
Rxe3 Rxd1+ 22. Kxd1 g5 23. fxg5 Rh5 24. Rb3 b5 25. Be2 Rxg5 26. Bf3 a5 27. Rd3
c5 28. Ra3 a4 29. c4 b4 30. Rxa4 Ng6 31. Ra8+ Ke7 32. Rg8 Rf5 33. Rc8 Rxe5 34.
Kd2 Rg5 35. Rg8 Rf5 36. Ke3 Re5+ 37. Kd2 Rf5 38. Ke3 Re5+ 39. Kd2 Rf5 40. Ke3 1/2-1/2

[Event "47th Biel Master Open"]
[Site "Biel SUI"]
[Date "2014.07.15"]
[Round "2.7"]
[White "Lampert, Jonas"]
[Black "Swiercz, Dariusz"]
[Result "1-0"]
[BlackTitle "GM"]
[WhiteElo "2421"]
[BlackElo "2617"]
[WhiteFideId "1303759"]
[BlackFideId "1126881"]
[EventDate "2014.07.14"]

1. d4 Nf6 2. c4 g6 3. Nc3 d5 4. cxd5 Nxd5 5. Bd2 Bg7 6. e4 Nb6 7. Be3 O-O 8. Be2
Nc6 9. Nf3 Bg4 10. d5 Bxf3 11. gxf3 Na5 12. Bd4 Qd6 13. f4 e5 14. fxe5 Bxe5 15.
Bxe5 Qxe5 16. O-O c6 17. f4 Qd6 18. Qd4 cxd5 19. exd5 Nc6 20. Qf2 Nb4 21. Rad1
Rad8 22. a3 N4xd5 23. Bf3 Qc6 24. Nxd5 Nxd5 25. Qd4 Rfe8 26. Bxd5 Qc2 27. f5 Re2
28. Bxf7+ Kxf7 29. fxg6+ Kxg6 30. Qg4+ 1-0

[Event "47th Biel Master Open"]
[Site "Biel SUI"]
[Date "2014.07.15"]
[Round "2.8"]
[White "Adhiban, Baskaran"]
[Black "Studer, Noel"]
[Result "1-0"]
[WhiteTitle "GM"]
[BlackTitle "FM"]
[WhiteElo "2610"]
[BlackElo "2375"]
[WhiteFideId "5018471"]
[BlackFideId "1319620"]
[EventDate "2014.07.14"]

1. d4 Nf6 2. Nf3 e6 3. c4 d5 4. Nc3 Bb4 5. Bg5 Nbd7 6. cxd5 exd5 7. Qc2 c5 8. g3
h6 9. Be3 b6 10. Bg2 O-O 11. O-O Re8 12. Nb5 c4 13. Bf4 g5 14. Bd6 Ba6 15. Bxb4
Bxb5 16. Ne5 Nxe5 17. dxe5 Ng4 18. Rad1 Bc6 19. Bc3 Nxe5 20. Qd2 Qe7 21. Qd4 g4
22. Bxd5 Rad8 23. Qe4 Qe6 24. Bxc6 Nxc6 25. Qf4 b5 26. h3 gxh3 27. a3 a5 28.
Rxd8 Rxd8 29. e4 Nd4 30. Kh2 Ne2 31. Qh4 Re8 32. Bxa5 Qxe4 33. Qxe4 Rxe4 34.
Kxh3 c3 35. bxc3 Rc4 36. Kg2 Nxc3 37. Rc1 Na2 38. Rb1 Nc3 39. Rb3 Ne4 40. Rxb5
Rc2 41. Bb6 Ra2 42. Ra5 Kh7 43. Bd4 Rd2 44. Be3 Ra2 45. Ra6 1-0

[Event "47th Biel Master Open"]
[Site "Biel SUI"]
[Date "2014.07.15"]
[Round "2.9"]
[White "Bok, Benjamin"]
[Black "Rindlisbacher, Lars"]
[Result "1-0"]
[WhiteTitle "GM"]
[BlackTitle "FM"]
[WhiteElo "2586"]
[BlackElo "2332"]
[WhiteFideId "1017063"]
[BlackFideId "1304178"]
[EventDate "2014.07.14"]

1. e4 e5 2. Nf3 Nc6 3. Bc4 Bc5 4. O-O Nf6 5. d3 h6 6. c3 Bb6 7. Nbd2 d6 8. Bb3
Be6 9. Nc4 Qd7 10. a4 g5 11. Ba2 Bxc4 12. Bxc4 O-O-O 13. b4 a5 14. Bb5 g4 15.
Nd2 d5 16. bxa5 Bxa5 17. Qc2 Qe6 18. Nb3 b6 19. Ba3 h5 20. f4 dxe4 21. f5 Qd7
22. dxe4 1-0

[Event "47th Biel Master Open"]
[Site "Biel SUI"]
[Date "2014.07.15"]
[Round "2.10"]
[White "Donchenko, Anatoly"]
[Black "Roiz, Michael"]
[Result "0-1"]
[WhiteTitle "IM"]
[BlackTitle "GM"]
[WhiteElo "2360"]
[BlackElo "2572"]
[WhiteFideId "4106091"]
[BlackFideId "2804158"]
[EventDate "2014.07.14"]

1. d4 Nf6 2. c4 e6 3. Nf3 d5 4. e3 b6 5. Nbd2 Bb7 6. Be2 Bd6 7. b3 O-O 8. Bb2
Nbd7 9. O-O Qe7 10. Ne5 Rfd8 11. Nxd7 Rxd7 12. Rc1 c5 13. cxd5 Nxd5 14. Bb5 Rdd8
15. Qg4 Nf6 16. Qh4 Rac8 17. Be2 cxd4 18. Bxd4 Bc5 19. Nf3 Bxd4 20. Rxc8 Rxc8
21. Qxd4 Rc2 22. Bc4 Bxf3 23. gxf3 Rxa2 24. Rd1 g6 25. Qe5 Ra5 26. Qb8+ Kg7 27.
Rd8 Qb4 28. Rd1 Qe7 29. Rd8 b5 30. Bf1 Qc5 31. Rc8 Qg5+ 32. Qg3 Qxg3+ 33. hxg3
a6 34. Rb8 Nd5 35. f4 Nb4 36. Kg2 Ra2 37. Rc8 Rb2 38. Rc3 Nd5 39. Rd3 Nb4 40.
Rc3 Kf6 41. Kf3 Rc2 42. Rxc2 Nxc2 43. Be2 Ke7 44. Ke4 Kd6 45. Kd3 Nb4+ 46. Kd4
Nc6+ 47. Kc3 Kc5 48. g4 h6 49. Bf3 a5 50. Bd1 Nb4 51. e4 g5 52. f5 Nc6 53. Be2
Ne5 54. Bd1 exf5 55. exf5 f6 56. Be2 b4+ 57. Kd2 Kd4 58. f3 Nd7 59. Bd3 Nb6 60.
Bb5 Nd5 61. Bd7 Nf4 62. Be8 Nd3 63. Bf7 Ne5 0-1

[Event "47th Biel Master Open"]
[Site "Biel SUI"]
[Date "2014.07.15"]
[Round "2.11"]
[White "Kovacevic, Aleksandar"]
[Black "Nuri, Kambez"]
[Result "1/2-1/2"]
[WhiteTitle "GM"]
[BlackTitle "FM"]
[WhiteElo "2564"]
[BlackElo "2322"]
[WhiteFideId "903124"]
[BlackFideId "1311433"]
[EventDate "2014.07.14"]

1. e4 e5 2. Nf3 Nf6 3. Nxe5 d6 4. Nf3 Nxe4 5. d4 d5 6. Bd3 Nc6 7. O-O Be7 8. c4
Nf6 9. Nc3 Be6 10. cxd5 Nxd5 11. Bb5 O-O 12. Bxc6 bxc6 13. Ne5 c5 14. Nc6 Qd6
15. Nxe7+ Qxe7 16. Nxd5 Bxd5 17. Re1 Qd6 18. dxc5 Qxc5 19. Be3 Qd6 20. Bf4 Qxf4
21. Qxd5 Rad8 22. Qc5 Rd2 23. Rad1 Rfd8 24. Rxd2 Qxd2 25. Qe7 h6 26. g3 Rb8 27.
b3 Qxa2 28. Qxc7 Qxb3 29. Qxa7 1/2-1/2

[Event "47th Biel Master Open"]
[Site "Biel SUI"]
[Date "2014.07.15"]
[Round "2.12"]
[White "Minko, Vladimir"]
[Black "Hera, Imre Jr."]
[Result "0-1"]
[WhiteTitle "FM"]
[BlackTitle "GM"]
[WhiteElo "2308"]
[BlackElo "2561"]
[WhiteFideId "24146706"]
[BlackFideId "716855"]
[EventDate "2014.07.14"]

1. d4 Nf6 2. c4 e6 3. g3 d5 4. Nf3 Bb4+ 5. Bd2 Be7 6. Bg2 O-O 7. O-O Nbd7 8. Qc2
c6 9. Bf4 a5 10. Rd1 b5 11. Ne5 Bb7 12. cxb5 cxb5 13. Nc6 Qe8 14. Nxe7+ Qxe7 15.
Nc3 Rfc8 16. Qb3 a4 17. Qxb5 Ba6 18. Qxa4 Bxe2 19. Qb3 Bxd1 20. Qxd1 Nb6 21. Nb5
Qd7 22. Qb3 Nh5 23. Be3 Rcb8 24. Rc1 Rc8 25. Rxc8+ Qxc8 26. Bf1 Nc4 27. a3 Nf6
28. Bf4 Ne4 29. Qc2 Ncd2 30. Qxc8+ Rxc8 31. Bd3 g5 32. Be3 Nc4 33. Bxe4 dxe4 34.
Bxg5 Rb8 35. Nc3 f5 36. d5 Kf7 37. dxe6+ Kxe6 38. b4 Nxa3 39. Be3 Rxb4 40. Bc5
Rb3 41. Ne2 Nc2 42. Nd4+ Nxd4 43. Bxd4 Kd5 44. Ba7 Kc4 45. Kg2 Kd3 46. h4 h5 47.
Bc5 Ke2 48. Bd4 Rf3 49. Bb6 f4 50. gxf4 Rxf4 51. Kg3 Rg4+ 52. Kh3 Kf3 0-1

[Event "47th Biel Master Open"]
[Site "Biel SUI"]
[Date "2014.07.15"]
[Round "2.13"]
[White "Mikhalevski, Victor"]
[Black "Grandadam, Nicolas"]
[Result "1-0"]
[WhiteTitle "GM"]
[BlackTitle "FM"]
[WhiteElo "2539"]
[BlackElo "2306"]
[WhiteFideId "2801914"]
[BlackFideId "681806"]
[EventDate "2014.07.14"]

1. c4 c6 2. Nf3 d5 3. e3 Nf6 4. Nc3 e6 5. b3 Nbd7 6. Qc2 Bd6 7. Bb2 O-O 8. Be2
a6 9. d4 e5 10. cxd5 cxd5 11. dxe5 Nxe5 12. Rd1 Qc7 13. Rc1 Re8 14. Qd1 Be6 15.
Ne4 Qa5+ 16. Bc3 Bb4 17. Nxf6+ gxf6 18. Bxb4 Qxb4+ 19. Qd2 Qe4 20. O-O Kh8 21.
Nd4 Rg8 22. f3 Qh4 23. Rf2 Rg6 24. f4 Ng4 25. Bxg4 Bxg4 26. f5 Rg5 27. Rc7 Rag8
28. Qc3 Bh3 29. Rc8 Rxc8 30. Qxc8+ Rg8 31. Qc3 Qe4 32. Nf3 Qxf5 33. Ne1 Qe5 34.
Qxe5 fxe5 35. Rxf7 d4 36. exd4 exd4 37. Rf4 Rd8 38. Nd3 Be6 39. Kf2 b6 40. Rf6
Re8 41. Nf4 Bg8 42. Rxb6 a5 43. Ra6 Re5 44. Nd3 Rd5 45. Ke2 Bf7 46. Nf4 Rf5 47.
g3 Rc5 48. Kd3 Rc3+ 49. Kxd4 Rc2 50. Rxa5 1-0

[Event "47th Biel Master Open"]
[Site "Biel SUI"]
[Date "2014.07.15"]
[Round "2.14"]
[White "Rudolf, Anna"]
[Black "Cvitan, Ognjen"]
[Result "1/2-1/2"]
[WhiteTitle "WGM"]
[BlackTitle "GM"]
[WhiteElo "2277"]
[BlackElo "2535"]
[WhiteFideId "722855"]
[BlackFideId "14500086"]
[EventDate "2014.07.14"]

1. e4 c5 2. Nf3 d6 3. d4 cxd4 4. Nxd4 Nf6 5. Nc3 g6 6. Be3 Bg7 7. f3 Nc6 8. Qd2
O-O 9. O-O-O d5 10. exd5 Nxd5 11. Nxc6 bxc6 12. Bd4 Bxd4 13. Qxd4 Qb6 14. Na4
Qc7 15. Nc5 Rd8 16. Bc4 Bf5 17. Bb3 Nb6 18. Qe3 Nd5 19. Qd4 Nb6 20. Qe3 Nd5 1/2-1/2

[Event "47th Biel Master Open"]
[Site "Biel SUI"]
[Date "2014.07.15"]
[Round "2.15"]
[White "Sebenik, Matej"]
[Black "Kamber, Bruno"]
[Result "1-0"]
[WhiteTitle "GM"]
[BlackTitle "FM"]
[WhiteElo "2516"]
[BlackElo "2258"]
[WhiteFideId "14602296"]
[BlackFideId "1300504"]
[EventDate "2014.07.14"]

1. d4 Nf6 2. c4 e6 3. Nf3 b6 4. g3 Bb7 5. Bg2 Bb4+ 6. Bd2 Be7 7. Nc3 O-O 8. O-O
d5 9. cxd5 exd5 10. Qc2 Nbd7 11. Rad1 a6 12. Ne5 b5 13. a3 c6 14. e4 Nb6 15.
Rfe1 Rc8 16. Bf4 a5 17. Bh3 b4 18. axb4 axb4 19. Bxc8 Qxc8 20. Na4 Nxa4 21. Qxa4
Nxe4 22. Rc1 c5 23. Qd7 f6 24. Qxc8 Rxc8 25. Nd7 g5 26. Nb6 gxf4 27. Nxc8 Bxc8
28. f3 fxg3 29. fxe4 gxh2+ 30. Kxh2 c4 31. exd5 Bd6+ 32. Kg1 Bf4 33. Rxc4 Bb7
34. Re7 Ba6 35. Rc6 Kf8 36. Rxh7 Kg8 37. Rd7 1-0

[Event "47th Biel Master Open"]
[Site "Biel SUI"]
[Date "2014.07.15"]
[Round "2.16"]
[White "Terraz, Christian"]
[Black "Molner, Mackenzie"]
[Result "0-1"]
[BlackTitle "GM"]
[WhiteElo "2074"]
[BlackElo "2504"]
[WhiteFideId "1301810"]
[BlackFideId "2021722"]
[EventDate "2014.07.14"]

1. d4 Nf6 2. Nc3 d5 3. Bf4 e6 4. e3 Bd6 5. Bg3 O-O 6. Nf3 b6 7. Bd3 Bb7 8. Ne5
c5 9. Bh4 Be7 10. O-O Nc6 11. Nxc6 Bxc6 12. a4 a6 13. b3 Qc7 14. dxc5 bxc5 15.
e4 dxe4 16. Bc4 Rfd8 17. Qe2 Qe5 18. Na2 a5 19. Bg3 Qf5 20. Rad1 Nd5 21. Rfe1 h5
22. h4 Bf6 23. Bb5 Bb7 24. Qc4 e3 25. fxe3 Nxe3 26. Rxd8+ Rxd8 27. Rxe3 Bd4 28.
Bf2 Bxe3 29. Bxe3 Rd1+ 30. Kh2 Rh1+ 0-1

[Event "47th Biel Master Open"]
[Site "Biel SUI"]
[Date "2014.07.15"]
[Round "2.17"]
[White "Antipov, Mikhail Al."]
[Black "Astengo, Corrado"]
[Result "1-0"]
[WhiteTitle "GM"]
[WhiteElo "2502"]
[BlackElo "2078"]
[WhiteFideId "4107012"]
[BlackFideId "802905"]
[EventDate "2014.07.14"]

1. e4 c5 2. Nf3 e6 3. b3 b6 4. Bb2 Bb7 5. Qe2 Nf6 6. Nc3 Nc6 7. e5 Ng4 8. O-O-O
Be7 9. Ne4 O-O 10. h3 Nh6 11. g4 Nb4 12. Kb1 a5 13. c3 Nd5 14. c4 Nf4 15. Qe3
Ng6 16. Rg1 a4 17. h4 Nxh4 18. Nxh4 Bxh4 19. Nd6 Bc6 20. g5 Nf5 21. Nxf5 exf5
22. Qf4 axb3 23. axb3 1-0

[Event "47th Biel Master Open"]
[Site "Biel SUI"]
[Date "2014.07.15"]
[Round "2.18"]
[White "Goldie, Thomas"]
[Black "Donchenko, Alexander"]
[Result "0-1"]
[BlackTitle "IM"]
[WhiteElo "1874"]
[BlackElo "2499"]
[WhiteFideId "2054485"]
[BlackFideId "24603295"]
[EventDate "2014.07.14"]

1. e4 c6 2. d4 d5 3. Nc3 dxe4 4. Nxe4 Bf5 5. Ng3 Bg6 6. h4 h6 7. Nf3 Nd7 8. h5
Bh7 9. Bd3 Bxd3 10. Qxd3 e6 11. Bd2 Ngf6 12. O-O-O Be7 13. Kb1 O-O 14. Ne4 Nxe4
15. Qxe4 Nf6 16. Qe2 Qd5 17. g4 Nxg4 18. Rhg1 Qxh5 19. Ne5 Nf6 20. f3 Rfd8 21.
Qg2 g6 22. Rh1 Qf5 23. Bxh6 Bf8 24. Bg5 Bg7 25. Rh4 c5 26. f4 Rab8 27. Rdh1 Rxd4
28. Bxf6 Qxf6 29. Qh2 Rbd8 30. Kc1 g5 0-1

[Event "47th Biel Master Open"]
[Site "Biel SUI"]
[Date "2014.07.15"]
[Round "2.19"]
[White "Zahn, Alina"]
[Black "Banusz, Tamas"]
[Result "0-1"]
[BlackTitle "GM"]
[WhiteElo "1944"]
[BlackElo "2595"]
[WhiteFideId "24696730"]
[BlackFideId "722413"]
[EventDate "2014.07.14"]

1. e4 e5 2. Nf3 Nc6 3. Bc4 Bc5 4. c3 Nf6 5. d3 O-O 6. O-O d5 7. exd5 Nxd5 8. Re1
Bg4 9. h3 Bh5 10. Nbd2 Nb6 11. b4 Be7 12. g4 Bg6 13. b5 Na5 14. Nxe5 Naxc4 15.
Ndxc4 Bf6 16. Nxb6 axb6 17. d4 Bxe5 18. Rxe5 f6 19. Re1 Bf7 20. a4 Qd5 21. Ba3
Rfe8 22. Bb4 h5 23. Rxe8+ Rxe8 24. Qf1 hxg4 25. hxg4 Qg5 26. f3 Qf4 27. Qf2 Re3
28. Rf1 Bc4 29. Re1 Rxf3 30. Re8+ Kf7 31. Re7+ Kg6 0-1

[Event "47th Biel Master Open"]
[Site "Biel SUI"]
[Date "2014.07.15"]
[Round "2.20"]
[White "Pomini, Aurelien"]
[Black "Cherniaev, Alexander"]
[Result "0-1"]
[BlackTitle "GM"]
[WhiteElo "2165"]
[BlackElo "2434"]
[WhiteFideId "1320831"]
[BlackFideId "4117301"]
[EventDate "2014.07.14"]

1. e4 b6 2. d4 Bb7 3. Bd3 e6 4. Nf3 d6 5. O-O Nd7 6. c4 Ne7 7. Nc3 h6 8. Be3 c5
9. d5 e5 10. Ne1 Ng6 11. Be2 Be7 12. Bh5 O-O 13. Nd3 Bc8 14. Bxg6 fxg6 15. f4
exf4 16. Nxf4 Ne5 17. b3 Bf6 18. Qd2 Ng4 19. Nxg6 Nxe3 20. Qxe3 Qe8 21. e5 Qxg6
22. exf6 Rxf6 23. Rxf6 Qxf6 24. Rf1 Bf5 25. Nb5 Qg6 26. Nxd6 Qxd6 27. Rxf5 Qg6
28. Qe4 Qd6 29. Re5 Qf6 30. h3 Rf8 31. Re8 Rxe8 32. Qxe8+ Kh7 33. Qe4+ Kg8 34.
Qe3 a5 35. Qe6+ Qxe6 36. dxe6 Kf8 37. Kf2 Ke7 38. Kf3 Kxe6 39. Ke4 g6 40. h4 h5
41. a3 Kd6 42. Kf4 Ke6 43. Kg5 Kf7 44. Kh6 Kf6 45. g3 Kf5 46. Kg7 g5 47. hxg5
Kxg5 48. Kf7 Kg4 49. Kg6 Kxg3 50. Kxh5 Kf4 51. Kg6 Ke5 52. Kf7 Kd4 53. Ke6 Kc3
54. Kd6 Kxb3 55. Kc6 Kxc4 56. Kxb6 a4 0-1

[Event "47th Biel Master Open"]
[Site "Biel SUI"]
[Date "2014.07.16"]
[Round "3.1"]
[White "Mikhalevski, Victor"]
[Black "Shankland, Samuel L"]
[Result "1/2-1/2"]
[WhiteTitle "GM"]
[BlackTitle "GM"]
[WhiteElo "2539"]
[BlackElo "2632"]
[WhiteFideId "2801914"]
[BlackFideId "2004887"]
[EventDate "2014.07.14"]

1. c4 c5 2. Nc3 g6 3. e3 Bg7 4. d4 cxd4 5. exd4 Nf6 6. d5 O-O 7. Nf3 e6 8. Be2
exd5 9. cxd5 d6 10. O-O Re8 11. Bf4 Na6 12. Bb5 Bd7 13. Bxa6 bxa6 14. Bxd6 Bb5
15. Nxb5 axb5 16. Be5 Qxd5 17. Qxd5 Nxd5 18. Bxg7 Kxg7 19. Rfd1 Rad8 20. Kf1 Nb6
21. Rxd8 Rxd8 22. Rc1 Nc4 23. b3 Nd2+ 24. Nxd2 Rxd2 25. Rc5 Rxa2 26. Rxb5 1/2-1/2

[Event "47th Biel Master Open"]
[Site "Biel SUI"]
[Date "2014.07.16"]
[Round "3.2"]
[White "Rakhmanov, Aleksandr"]
[Black "Sebenik, Matej"]
[Result "1/2-1/2"]
[WhiteTitle "GM"]
[BlackTitle "GM"]
[WhiteElo "2626"]
[BlackElo "2516"]
[WhiteFideId "4173708"]
[BlackFideId "14602296"]
[EventDate "2014.07.14"]

1. d4 e6 2. Nf3 c5 3. c3 Nf6 4. Bf4 Nc6 5. e3 Nh5 6. Bg5 Qb6 7. Nbd2 d5 8. Ne5
Nf6 9. Rb1 Nxe5 10. dxe5 Nd7 11. Bf4 Qc7 12. e4 Be7 13. exd5 exd5 14. Nf3 Nb6
15. Bb5+ Bd7 16. e6 Qxf4 17. Bxd7+ Kd8 18. O-O Kc7 19. b4 Rad8 20. Re1 cxb4 21.
cxb4 Kb8 22. Bb5 fxe6 23. Nd4 Rdf8 24. Re2 1/2-1/2

[Event "47th Biel Master Open"]
[Site "Biel SUI"]
[Date "2014.07.16"]
[Round "3.3"]
[White "Molner, Mackenzie"]
[Black "Adhiban, Baskaran"]
[Result "1/2-1/2"]
[WhiteTitle "GM"]
[BlackTitle "GM"]
[WhiteElo "2504"]
[BlackElo "2610"]
[WhiteFideId "2021722"]
[BlackFideId "5018471"]
[EventDate "2014.07.14"]

1. e4 c5 2. Nf3 d6 3. d4 cxd4 4. Nxd4 Nf6 5. Nc3 Nc6 6. Bg5 e6 7. Qd2 a6 8.
O-O-O Bd7 9. f4 b5 10. Bxf6 gxf6 11. Nxc6 Bxc6 12. Qe1 h5 13. h4 Ra7 14. f5 Qb6
15. Bd3 Bh6+ 16. Kb1 Bf4 17. fxe6 fxe6 18. Nd5 exd5 19. exd5+ Re7 20. Qf1 Be5
21. dxc6 Qxc6 22. Rh3 Rg7 23. Rf3 Ke7 24. Re1 Rh6 25. Be4 Qc4 26. Qxc4 bxc4 27.
Ra3 Rh8 28. Rxa6 Rb8 29. b3 Rg4 30. Bd5 f5 31. Rh1 1/2-1/2

[Event "47th Biel Master Open"]
[Site "Biel SUI"]
[Date "2014.07.16"]
[Round "3.4"]
[White "Donchenko, Alexander"]
[Black "Bok, Benjamin"]
[Result "1/2-1/2"]
[WhiteTitle "IM"]
[BlackTitle "GM"]
[WhiteElo "2499"]
[BlackElo "2586"]
[WhiteFideId "24603295"]
[BlackFideId "1017063"]
[EventDate "2014.07.14"]

1. c4 g6 2. Nc3 c5 3. g3 Bg7 4. Bg2 Nc6 5. Nf3 e6 6. d3 Nge7 7. Bg5 h6 8. Bd2 b6
9. Qc1 Bb7 10. O-O d6 11. Rb1 Qd7 12. Rd1 g5 13. a3 g4 14. Nh4 O-O-O 15. b4 Bf6
16. bxc5 dxc5 17. Ne4 Bxh4 18. gxh4 f5 19. Nf6 Qd6 20. Bxh6 Nd4 21. Bxb7+ Kxb7
22. Re1 e5 23. Bg5 Rdf8 24. Nd5 Nxd5 25. cxd5 Qxd5 26. a4 f4 27. a5 b5 28. a6+
Ka8 29. Qd2 b4 30. Rec1 Ne6 31. e4 fxe3 32. Qxe3 Rf3 33. Qe4 Rxd3 34. Rc4 Rg8
35. Bf6 Qxe4 36. Rxe4 Nd4 37. h5 Rh3 38. Bxe5 Nf3+ 39. Kg2 Nd2 40. Rxg4 Rxg4+
41. Kxh3 Rg5 42. Re1 Nf3 43. Rd1 Rg8 44. Bf6 Kb8 45. Rd8+ Rxd8 46. Bxd8 b3 47.
Bf6 Nd4 48. Bxd4 cxd4 49. h6 b2 50. h7 b1=Q 51. h8=Q+ Kc7 52. Qg7+ Kc8 53. Qh8+
Kc7 54. Qe5+ Kc8 55. Qxd4 Qf1+ 56. Kh4 Qxa6 57. Qh8+ Kd7 58. Qg7+ Ke8 59. f4 Qe2
60. Qg6+ Kf8 61. Qf6+ Kg8 62. Qd8+ Kf7 63. Qd5+ Kg7 64. Kg5 Qxh2 65. Qb7+ Kf8
66. Qa8+ Kf7 67. Qxa7+ Kf8 68. Qb8+ Kf7 69. Qc7+ Kf8 70. Qd8+ Kf7 71. Qf6+ Kg8
72. Qe6+ Kf8 73. Qf5+ Kg7 74. Qe5+ Kf7 75. Qc7+ Kf8 76. Kg6 Qg3+ 77. Kf6 Qh4+
78. Ke6 Qh6+ 79. Ke5 Qh5+ 80. Kf6 1/2-1/2

[Event "47th Biel Master Open"]
[Site "Biel SUI"]
[Date "2014.07.16"]
[Round "3.5"]
[White "Roiz, Michael"]
[Black "Antipov, Mikhail Al."]
[Result "1-0"]
[WhiteTitle "GM"]
[BlackTitle "GM"]
[WhiteElo "2572"]
[BlackElo "2502"]
[WhiteFideId "2804158"]
[BlackFideId "4107012"]
[EventDate "2014.07.14"]

1. d4 Nf6 2. c4 e6 3. Nf3 b6 4. g3 Ba6 5. b3 d5 6. cxd5 exd5 7. Bg2 Bb4+ 8. Bd2
Bxd2+ 9. Qxd2 O-O 10. O-O Ne4 11. Qb2 Nd7 12. Rc1 Re8 13. e3 c5 14. Nc3 Bb7 15.
Rc2 Rc8 16. dxc5 bxc5 17. Rd1 Nxc3 18. Rxc3 Qf6 19. Qa1 Nb6 20. Ne1 Rc7 21. Rc2
Qf5 22. Qc1 Rec8 23. Nd3 c4 24. Nf4 Qe5 25. Qd2 cxb3 26. Rxc7 Rxc7 27. axb3 g6
28. Ne2 Rc8 29. h4 h5 30. Nd4 Nd7 31. Ra1 a6 32. Bf1 Nf6 33. Bxa6 Ne4 34. Qe1
Bxa6 35. Rxa6 Rc3 36. Ra8+ Kg7 37. Ra1 Rc7 38. Kg2 Qf6 39. Qe2 Nc3 40. Qf3 Qe7
41. Rc1 Ne4 42. Rxc7 Qxc7 43. Qf4 Qe7 44. Nf3 Qb7 45. Qe5+ Kg8 46. Qe8+ Kg7 47.
Qa4 Kf8 48. Nd4 Ke7 49. Qc6 Qxc6 50. Nxc6+ Kf6 51. f3 Nc3 52. Kf2 Ke6 53. Nd4+
Kd6 54. Ke1 Na2 55. Kd2 1-0

[Event "47th Biel Master Open"]
[Site "Biel SUI"]
[Date "2014.07.16"]
[Round "3.6"]
[White "Hera, Imre Jr."]
[Black "Lampert, Jonas"]
[Result "1-0"]
[WhiteTitle "GM"]
[WhiteElo "2561"]
[BlackElo "2421"]
[WhiteFideId "716855"]
[BlackFideId "1303759"]
[EventDate "2014.07.14"]

1. Nf3 d5 2. g3 Nf6 3. Bg2 c5 4. O-O Nc6 5. d4 e6 6. c4 dxc4 7. Qa4 Bd7 8. Qxc4
b5 9. Qd3 c4 10. Qc2 Rc8 11. Bg5 Be7 12. Nc3 O-O 13. Bxf6 Bxf6 14. Nxb5 Rb8 15.
Na3 Nxd4 16. Nxd4 Bxd4 17. Nxc4 Qf6 18. Rab1 Rfc8 19. a4 e5 20. b3 Bf5 21. Be4
Bh3 22. e3 Bxf1 23. Rxf1 Bc5 24. Bxh7+ Kh8 25. Be4 g6 26. Kg2 Qe7 27. h4 Kg7 28.
Rh1 f5 29. Bd5 Rd8 30. Rd1 e4 31. Na5 Rbc8 32. Nc6 Bb6 33. Qb2+ Qf6 34. Qxf6+
Kxf6 35. Nxd8 Rxd8 36. b4 Ke5 37. Bb3 Rxd1 38. Bxd1 Bd8 39. a5 Kd6 40. Ba4 Ke5
41. Be8 Kf6 42. Kf1 a6 43. Ke2 Be7 44. b5 axb5 45. a6 Bc5 46. Bxb5 Ba7 47. Be8
Bb6 48. Kd2 Ba7 49. Kc3 g5 50. h5 f4 51. gxf4 gxf4 52. exf4 Bxf2 53. Bg6 e3 54.
Kd3 1-0

[Event "47th Biel Master Open"]
[Site "Biel SUI"]
[Date "2014.07.16"]
[Round "3.7"]
[White "Erdos, Viktor"]
[Black "Cherniaev, Alexander"]
[Result "1/2-1/2"]
[WhiteTitle "GM"]
[BlackTitle "GM"]
[WhiteElo "2648"]
[BlackElo "2434"]
[WhiteFideId "719978"]
[BlackFideId "4117301"]
[EventDate "2014.07.14"]

1. d4 f5 2. c4 Nf6 3. Nc3 d6 4. Bg5 Nbd7 5. Qc2 g6 6. O-O-O Bg7 7. Nh3 c5 8. Nf4
cxd4 9. Ne6 Qa5 10. Rxd4 Kf7 11. Nxg7 Kxg7 12. Kb1 f4 13. Bxf6+ Nxf6 14. Qd2
Bf5+ 15. Ka1 e5 16. Rxd6 Rhd8 17. f3 Kf7 18. c5 Rxd6 19. cxd6 Qc5 20. g4 Be6 21.
g5 1/2-1/2